| 000 -LEADER |
| fixed length control field |
00426nam a22001457a 4500 |
| 008 - FIXED-LENGTH DATA ELEMENTS--GENERAL INFORMATION |
| fixed length control field |
210708b ||||| |||| 00| 0 eng d |
| 082 00 - DEWEY DECIMAL CLASSIFICATION NUMBER |
| Classification number |
005.713769 |
| Item number |
T222 |
| 100 ## - MAIN ENTRY--PERSONAL NAME |
| 9 (RLIN) |
1411 |
| Personal name |
Tauber, Daniel A. |
| 245 10 - TITLE STATEMENT |
| Title |
Mastering Netscape communicator 4 / |
| 260 ## - PUBLICATION, DISTRIBUTION, ETC. (IMPRINT) |
| Place of publication, distribution, etc |
New Delhi: |
| Name of publisher, distributor, etc |
BPB Publications, |
| Date of publication, distribution, etc |
1997. |
| 300 ## - PHYSICAL DESCRIPTION |
| Extent |
xxii, 767 p. |
| 650 #0 - SUBJECT ADDED ENTRY--TOPICAL TERM |
| Topical term or geographic name as entry element |
Internet |
| 700 ## - ADDED ENTRY--PERSONAL NAME |
| 9 (RLIN) |
5084 |
| Personal name |
Kienan, B. |
| 942 ## - ADDED ENTRY ELEMENTS (KOHA) |
| Item type |
Books |